Charaktere von TVD - Statistiken

Allgemein
  • Dieses Quiz wurde 595 mal gespielt
  • Das Durchschnittsergebnis liegt bei 3 aus 19
Answers on the Grid
Answers color-coded by a green-red scale on the quiz's grid according to % correct below.
Caroline
Selin
Jeremie
Jena
Elena
Sibil
Alex
Damon
Tyler
Lilly
Jeremy
Seline
Demon
Enzo
Lorenzo
John
Josie
Jo
Norah
Lilie
Mary-Louise
Julian
Oscar
Haley
Bill
Mai
Jenna
Vickie
Matt
Hayley
 
Antwortstatistiken
Antwort % Korrekt
Caroline
88%
Elena
35%
Damon
29%
Jeremy
22%
Tyler
19%
Enzo
17%
Matt
15%
Jenna
11%
John
11%
Josie
10%
Hayley
9%
Jo
8%
Lorenzo
8%
Mary-Louise
7%
Seline
7%
Alex
5%
Oscar
5%
Bill
4%
Julian
3%
Keine übereinstimmenden Quizze gefunden
Verteilung der Resultate
Anzahl Personen mit jedem Resultat
Perzentil nach korrekt beantworteten Fragen
Ihre Resultats-Entwicklung
Sie haben dieses Quiz noch nicht gespielt